00417nam a2200133Ia 4500100003200000942000700032654001400039245003000053260003400083082001500117546001200132999001700144952012200161 aStanton/William J & others  cBK aMARKETING aFundamentals of Marketing bMc Graw HillaNew Delhic1994 a658.8bPAN aENGLISH c25120d25120 001040708CRCaCRCEbCRCEd2023-03-17eglobal booksg225.00l0o658.8 PANp6753r2023-03-17v225.00w2023-03-17yBK